Compiler design
Guardat en:
| Autor principal: | |
|---|---|
| Format: | Llibre |
| Idioma: | anglès |
| Publicat: |
University Science Press
2014
|
| Etiquetes: |
Afegir etiqueta
Sense etiquetes, Sigues el primer a etiquetar aquest registre!
|
MARC
| LEADER | 00000nam a22000007a 4500 | ||
|---|---|---|---|
| 008 | 240305b |||||||| |||| 00| 0 eng d | ||
| 020 | |a 9788131805640 | ||
| 100 | |a KAKADE,O.G. | ||
| 245 | |a Compiler design |g xii, 395p | ||
| 260 | |b University Science Press |c 2014 |h New Delhi |i 701375 |i 701316 |l QA76.6.K12 |m Compilers (Computer programs) | ||
| 500 | |a it includes index | ||
| 942 | |a lcc |c BK |e Johnson |f 05/03/24 | ||
| 952 | |0 0 |1 0 |2 lcc |4 0 |6 QA00766 K12 |7 0 |9 4941 |a TL |b HOL |c QZ |d 2024-03-05 |l 0 |o QA76.6.K12 |p 2024-0192 |r 2024-03-05 00:00:00 |t 701375 |w 2024-03-05 |y BK | ||
| 952 | |0 0 |1 0 |2 lcc |4 0 |6 QA00766 K12 |7 0 |9 4942 |a HOL |b HOL |c QZ |d 2024-03-05 |l 0 |o QA76.6.K12 |p 2024-0193 |r 2024-03-05 00:00:00 |t 701376 |w 2024-03-05 |y BK | ||
| 999 | |c 2451 |d 2451 | ||